000 01374cab a2200265 ab4500
005 20250827144111.0
008 991125c2016 mx qr p o 000 0 spa d
035 _aUPN01000235457
040 _aMX-MxUPN
_bspa
_cMX-MxUPN
_eaacr2
049 _aART-E
100 1 _aAyuso Fernández, Alejandro
_6- aafernandez34@gmail.com
245 1 0 _aUn espejo en el que se reflejan tus alumnos cada mañana
_h[recurso electrónico en línea]
506 0 _aAcceso abierto
520 3 _aEn el siguiente artículo se tratan las experiencias de prácticas a lo largo de los cuatro años del grado en Educación Primaria. Todas las vivencias, reflexiones acerca de lo aprendido tanto en la universidad como en los centros educativos son expuestas al mismo tiempo que el feedback recibido y la información aportada por los foros, profesores de los centros, supervisores de la Universidad y autorreflexión del alumno en prácticas. Padres y maestros
653 0 _aPráctica docente
653 0 _aExperiencias docentes
653 0 _aReflexión
653 0 _aVocación
773 _gNo. 367, (2016), p. 56-59
_tRevista padres y maestros 
_x2255-1042
856 4 _uhttps://revistas.comillas.edu/index.php/padresymaestros/article/view/7125/6958
856 4 _uhttps://doi.org/10.14422/pym.i367.y2016.010
902 _aLeonor Sotres/270825
905 _aArticulo
942 _cART-E
999 _c207552
_d207552